'American' Movies Quiz Stats

 Plays Quiz Updated Oct 16, 2018

Score 0/20 Timer 05:00
2 Plays Today
Actor Film % Correct
Jason BiggsAmerican Pie
84%
Kevin SpaceyAmerican Beauty
70.6%
Edward NortonAmerican History X
51.3%
Christian BaleAmerican Psycho
50.4%
Denzel WashingtonAmerican Gangster
41.7%
Ron HowardAmerican Graffiti
39.4%
Gene KellyAn American in Paris
37.6%
Michael DouglasThe American President
29.9%
Richard GereAmerican Gigolo
23.1%
Griffin DunneAn American Werewolf in London
17.6%
Actor Film % Correct
Christopher Plummer*An American Tail
11.9%
Paul GiamattiAmerican Splendor
10.4%
Michael CaineThe Quiet American
9.1%
Hugh GrantAmerican Dreamz
7.7%
Bradley CooperAmerican Sniper
5.2%
David Hyde PierceWet Hot American Summer
4.4%
Jessie EisenbergAmerican Ultra
4.1%
Amy AdamsAmerican Hustle
4%
Colin FarrellAmerican Outlaws
3.6%
Ellen PageAn American Crime
1.8%

You're not logged in!

Compare scores with friends on all Sporcle quizzes.
OR
Log In

You Might Also Like...

Show Comments

Extras

Top Quizzes Today


Score Distribution

Your Account Isn't Verified!

In order to create a playlist on Sporcle, you need to verify the email address you used during registration. Go to your Sporcle Settings to finish the process.

Report this User

Report this user for behavior that violates our Community Guidelines.

Details: